000 00702nam a22002177a 4500
005 20240814175153.0
008 s1980 eng d
020 _a0860890325
041 _aeng
100 0 _aPaxman, John M.
245 1 0 _aLaw and planned parenthood : a handbook complied and edited for the IPPF Panel on law & Planned Parenthood
260 3 _aOxford :
_bInternational Planned Parenthood,
_c1980
300 _a116 p. :
_b tables ;
_c 29 cm.
650 0 4 _aBirth control -- Law and legislation
650 0 4 _aMedical laws and legislation
850 _aNALT
942 _cLB
997 _c000000000020671
998 _aSANG-AROON ANU-KRAUGH
_j25
_k นีลวัสน์ อินทรักษา
999 _c20671
_d20671
090 _aKS54 P39L 1980